LEADER 00874nam a2200217 i 4500 001 000000351195 003 CaOOAMICUS 005 20220812091804.0 008 220812s1888 it a u000 u ita u 013 $a235177 040 $aSeMil$bita 100 1 $aManzoni, Alessandro,$d<1785-1873>.$0(OLS)http://semarc/name/1162 245 10$aVol. 2. 264 1$aFirenze :$bG. Barbčra,$c1888. 300 $a715 p. ;$c11 cm 773 0 $aManzoni, Alessandro <1785-1873>$tPromessi sposi.$dFirenze : G. Barbčra, 1888.$bNuova edizione fiorentina / con due studi critici di Francesco De Sanctis$kDiamante$g2$w()351193 850 $aSeMil 852 $aSeMil$W1$xVenegono$y1$m2ZA X 28 FA$j233887$B242271$CSeMilBibl$Z2$F242271 $8I 996 $6245$aVol. 2$9(OLS)http://semarc/title/13458 996 $6264$aFirenze :$bG. Barbčra$9(OLS)http://semarc/publisher/31283 LEADER 01216nam a2200265 i 4500 001 000000257604 003 CaOOAMICUS 005 20180312000000.0 008 180312s2016 it u000 u ita u 013 $a236512 020 $a978-88-307-2330-6 040 $aSeMil$bita 100 1 $aPotente, Antonietta <1959- >.$0(OLS)http://semarc/name/94811 245 10$aVestire gli ignudi :$bdare dignitŕ ci fa uscire da noi stessi /$cAntonietta Potente. 260 $aBologna :$bEMI,$c2016. 300 $a57 p. ;$c19 cm. 490 0 $aFare misericordia : le opere di misericordia per un cristianesimo semplice 650 4$aOpere di misericordia.$0(OLS)http://semarc/subject/16174 830 0$aFare misericordia : le opere di misericordia per un cristianesimo semplice.$0(OLS)http://semarc/title/407798 850 $aSeMil 852 $aSeMil$W1$xVenegono$y1$m3F II 907$j207950$B207950$CSeMilBibl$Z2$F222639 $81 961 $aAcquisto: LdS 996 $6020$a978-88-307-2330-6$9(OLS)http://semarc/number/282452 996 $6245$aVestire gli ignudi :$bdare dignitŕ ci fa uscire da noi stessi$9(OLS)http://semarc/title/412957 996 $6260$aBologna :$bEMI$9(OLS)http://semarc/publisher/29618